<?xml version="1.0" encoding="UTF-8"?>
<record
    xmlns:xsi="http://www.w3.org/2001/XMLSchema-instance"
    xsi:schemaLocation="http://www.loc.gov/MARC21/slim http://www.loc.gov/standards/marcxml/schema/MARC21slim.xsd"
    xmlns="http://www.loc.gov/MARC21/slim">

  <leader>01792cam a2200397 a 4500</leader>
  <controlfield tag="001">16440591</controlfield>
  <controlfield tag="003">OSt</controlfield>
  <controlfield tag="005">20240823110109.0</controlfield>
  <controlfield tag="008">100831s2009    le a          000 0 ara d</controlfield>
  <datafield tag="010" ind1=" " ind2=" ">
    <subfield code="a">  2009339578</subfield>
  </datafield>
  <datafield tag="020" ind1=" " ind2=" ">
    <subfield code="a">9953754640</subfield>
  </datafield>
  <datafield tag="020" ind1=" " ind2=" ">
    <subfield code="a">9789953754642</subfield>
  </datafield>
  <datafield tag="035" ind1=" " ind2=" ">
    <subfield code="a">(OCoLC)ocn310463101</subfield>
  </datafield>
  <datafield tag="040" ind1=" " ind2=" ">
    <subfield code="a">LB-BrSB</subfield>
    <subfield code="c">CUD</subfield>
    <subfield code="d">UUM</subfield>
    <subfield code="d">WAU</subfield>
    <subfield code="d">DLC</subfield>
  </datafield>
  <datafield tag="042" ind1=" " ind2=" ">
    <subfield code="a">lccopycat</subfield>
    <subfield code="a">lcode</subfield>
  </datafield>
  <datafield tag="050" ind1="0" ind2="0">
    <subfield code="a">PJ7820.A7</subfield>
    <subfield code="b">Z7383 2009</subfield>
  </datafield>
  <datafield tag="066" ind1=" " ind2=" ">
    <subfield code="c">(3</subfield>
  </datafield>
  <datafield tag="082" ind1=" " ind2=" ">
    <subfield code="a">892.7</subfield>
    <subfield code="b">DAR/M</subfield>
  </datafield>
  <datafield tag="100" ind1=" " ind2=" ">
    <subfield code="a">Hamood,abdul hakeem</subfield>
    <subfield code="9">10480</subfield>
  </datafield>
  <datafield tag="245" ind1="0" ind2="0">
    <subfield code="6">880-01</subfield>
    <subfield code="a">Ma&#x1E25;m&#x16B;d Darw&#x12B;sh, &#x1E25;an&#x101;jir taltaq&#x12B; li-taktamila al-&#x1E63;arkhah /</subfield>
    <subfield code="c">i&#x2BB;d&#x101;d &#x2BB;Abd al-&#x1E24;al&#x12B;m &#x1E24;amm&#x16B;d.</subfield>
  </datafield>
  <datafield tag="260" ind1=" " ind2=" ">
    <subfield code="6">880-02</subfield>
    <subfield code="a">Bayr&#x16B;t :</subfield>
    <subfield code="b">D&#x101;r al-Bi&#x1E25;&#x101;r,</subfield>
    <subfield code="c">2009.</subfield>
  </datafield>
  <datafield tag="300" ind1=" " ind2=" ">
    <subfield code="a">336 p. :</subfield>
    <subfield code="b">ill. ;</subfield>
    <subfield code="c">24 cm.</subfield>
  </datafield>
  <datafield tag="500" ind1=" " ind2=" ">
    <subfield code="a">Collection of articles about Darw&#x12B;sh, written by various authors.</subfield>
  </datafield>
  <datafield tag="600" ind1="1" ind2="0">
    <subfield code="a">Darw&#x12B;sh, Ma&#x1E25;m&#x16B;d</subfield>
    <subfield code="6">880-03</subfield>
    <subfield code="x">Criticism and interpretation.</subfield>
    <subfield code="9">9749</subfield>
  </datafield>
  <datafield tag="650" ind1=" " ind2="0">
    <subfield code="a">Arabic literature</subfield>
    <subfield code="y">20th century</subfield>
    <subfield code="x">History and criticism.</subfield>
  </datafield>
  <datafield tag="700" ind1="1" ind2=" ">
    <subfield code="6">880-04</subfield>
    <subfield code="a">&#x1E24;amm&#x16B;d, &#x2BB;Abd al-&#x1E24;al&#x12B;m.</subfield>
  </datafield>
  <datafield tag="700" ind1="1" ind2="2">
    <subfield code="6">880-05</subfield>
    <subfield code="a">Darw&#x12B;sh, Ma&#x1E25;m&#x16B;d.</subfield>
    <subfield code="t">Poems.</subfield>
    <subfield code="k">Selections.</subfield>
  </datafield>
  <datafield tag="880" ind1="0" ind2="0">
    <subfield code="6">245-01/(3/r&#x200F;</subfield>
    <subfield code="a">&#x200F;&#x645;&#x62D;&#x645;&#x648;&#x62F; &#x62F;&#x631;&#x648;&#x64A;&#x634; &#x60C; &#x62D;&#x646;&#x627;&#x62C;&#x631; &#x62A;&#x644;&#x62A;&#x642;&#x64A; &#x644;&#x62A;&#x643;&#x62A;&#x645;&#x644; &#x627;&#x644;&#x635;&#x631;&#x62E;&#x629; /&#x200F;</subfield>
    <subfield code="c">&#x200F;&#x625;&#x639;&#x62F;&#x627;&#x62F; &#x639;&#x628;&#x62F; &#x627;&#x644;&#x62D;&#x644;&#x64A;&#x645; &#x62D;&#x645;&#x648;&#x62F;.</subfield>
  </datafield>
  <datafield tag="880" ind1=" " ind2=" ">
    <subfield code="6">260-02/(3/r&#x200F;</subfield>
    <subfield code="a">&#x200F;&#x628;&#x64A;&#x631;&#x648;&#x62A; :&#x200F;</subfield>
    <subfield code="b">&#x200F;&#x62F;&#x627;&#x631; &#x627;&#x644;&#x628;&#x62D;&#x627;&#x631;&#x60C;&#x200F;</subfield>
    <subfield code="c">&#x200F;&#x202A;2009&#x202C;.</subfield>
  </datafield>
  <datafield tag="880" ind1="1" ind2="4">
    <subfield code="6">600-03/(3/r&#x200F;</subfield>
    <subfield code="a">&#x200F;&#x62F;&#x631;&#x648;&#x64A;&#x634; &#x60C; &#x645;&#x62D;&#x645;&#x648;&#x62F;.</subfield>
  </datafield>
  <datafield tag="880" ind1="1" ind2=" ">
    <subfield code="6">700-04/(3/r&#x200F;</subfield>
    <subfield code="a">&#x200F;&#x62D;&#x645;&#x648;&#x62F; &#x60C; &#x639;&#x628;&#x62F; &#x627;&#x644;&#x62D;&#x644;&#x64A;&#x645;.</subfield>
  </datafield>
  <datafield tag="880" ind1="1" ind2=" ">
    <subfield code="6">700-05/(3/r&#x200F;</subfield>
    <subfield code="a">&#x200F;&#x62F;&#x631;&#x648;&#x64A;&#x634; &#x60C; &#x645;&#x62D;&#x645;&#x648;&#x62F;.&#x200F;</subfield>
    <subfield code="t">&#x200F;&#x627;&#x634;&#x639;&#x627;&#x631;.&#x200F;</subfield>
    <subfield code="k">&#x200F;&#x645;&#x62E;&#x62A;&#x627;&#x631;&#x627;&#x62A;.</subfield>
  </datafield>
  <datafield tag="906" ind1=" " ind2=" ">
    <subfield code="a">7</subfield>
    <subfield code="b">cbc</subfield>
    <subfield code="c">copycat</subfield>
    <subfield code="d">3</subfield>
    <subfield code="e">ncip</subfield>
    <subfield code="f">20</subfield>
    <subfield code="g">y-nonroman</subfield>
  </datafield>
  <datafield tag="942" ind1=" " ind2=" ">
    <subfield code="2">ddc</subfield>
    <subfield code="c">BK</subfield>
    <subfield code="h">892.7</subfield>
    <subfield code="i">DAR/M</subfield>
    <subfield code="k">892.7</subfield>
    <subfield code="m">DAR/M</subfield>
  </datafield>
  <datafield tag="952" ind1=" " ind2=" ">
    <subfield code="0">0</subfield>
    <subfield code="1">0</subfield>
    <subfield code="2">ddc</subfield>
    <subfield code="4">0</subfield>
    <subfield code="7">0</subfield>
    <subfield code="8">LIT</subfield>
    <subfield code="a">MES</subfield>
    <subfield code="b">MES</subfield>
    <subfield code="c">ARB</subfield>
    <subfield code="d">2023-10-18</subfield>
    <subfield code="l">1</subfield>
    <subfield code="m">1</subfield>
    <subfield code="o">892.7 DAR/M</subfield>
    <subfield code="p">42924</subfield>
    <subfield code="r">2025-01-23 13:02:19</subfield>
    <subfield code="s">2025-01-03</subfield>
    <subfield code="v">950.00</subfield>
    <subfield code="w">2023-10-18</subfield>
    <subfield code="y">BK</subfield>
    <subfield code="z">GR4R5</subfield>
  </datafield>
  <datafield tag="999" ind1=" " ind2=" ">
    <subfield code="c">42686</subfield>
    <subfield code="d">42686</subfield>
  </datafield>
</record>
